La bestia soberana : el cuerpo del vagabundo como lugar para la soberanía /
Este trabajo examina la acción del cuerpo como fundamento de la soberanía, partiendo de la idea hobbesiana del “soberano" como garante de la protección del sujeto moderno; a través de este enfoque, se analiza cómo la energía corporal se orienta en la modernidad hacia la productividad capitalista más...
Tallennettuna:
| Päätekijä: | |
|---|---|
| Aineistotyyppi: | Opinnäyte Kirja |
| Kieli: | espanja |
| Julkaistu: |
Guadalajara, México :
edición de autor,
2013
|
| Aiheet: | |
| Tagit: |
Ei tageja, Lisää ensimmäinen tagi!
|
MARC
| LEADER | 00000nam^a2200000^a^4500 | ||
|---|---|---|---|
| 001 | 000330286 | ||
| 005 | 20260326124426.0 | ||
| 009 | 20260407173248.455 | ||
| 037 | |a Acervo Xavier Clavigero | ||
| 041 | |a ESP | ||
| 090 | |a MFC. 13 | ||
| 100 | |a Moyano Gómez, Juan José |e (autor) | ||
| 245 | 1 | 3 | |a La bestia soberana : |b el cuerpo del vagabundo como lugar para la soberanía / |c J.J. Moyano Gómez. |
| 264 | 1 | |a Guadalajara, México : |b edición de autor, |c 2013 | |
| 300 | |a 1 disco compacto de computadora | ||
| 336 | |a datos para computadora |b cod |2 rdacontenido | ||
| 337 | |a computadora |b c |2 rdamedio | ||
| 338 | |a disco de computadora |b cd |2 rdasoporte | ||
| 502 | |a ITESO Tesis de Maestría en Filosofía y Ciencias Sociales | ||
| 520 | |a Este trabajo examina la acción del cuerpo como fundamento de la soberanía, partiendo de la idea hobbesiana del “soberano" como garante de la protección del sujeto moderno; a través de este enfoque, se analiza cómo la energía corporal se orienta en la modernidad hacia la productividad capitalista más que hacia la guerra, al tiempo que se contrasta con la figura del vagabundo en la Ciudad de México, cuya energía se dispersa en el vagabundeo y queda fuera de las lógicas de producción y conflicto. | ||
| 649 | |a XX | ||
| 650 | |a Filósofos Ingleses | ||
| 650 | |a Igualdad y Desigualdad | ||
| 650 | |a Libertad | ||
| 650 | |a Trabajo | ||
| 650 | |a Soberanía | ||
| 650 | |a Producción Económica | ||
| 650 | |a Vagabundeo - |z México (Ciudad) | ||
| 650 | |a Vagabundeo - |x Filosofía - |x Tema Principal | ||
| 650 | |a Cuerpo Humano - |x Filosofía - |x Tema Principal | ||
| 650 | |a Antropología Filosófica | ||
| 650 | |a Filosofía Política | ||
| 650 | |a Hobbes, Thomas - |x Tema Principal | ||
| 910 | |a Fondo General | ||
| 920 | |a Electrónicos - Tesis del ITESO en Disco | ||
| 905 | |a 202 | ||
| 901 | |a 0500219777 |b IT2 |c STS |i D1440 |u 20250521 | ||
| 902 | |a https://opac.biblio.iteso.mx/vufind/Record/000330286 | ||